000 00175 a2200097 4500
020 _a9780425189245
041 _aeng
100 _aBox, C.J.
245 _aSavage Run
942 _cBK
999 _c7665
_d7665